00564nam a2200181Ia 4500003000900000008004100009020001800050040001600068080001300084100002700097245010700124260003500231300001000266650004100276650002200317650001700339700002600356IN-BaIIA211028s9999 xx 000 0 eng d a81-224-0408-1 cIIA Library a523bJOS aJoshi, Avinash Wasudeo 0aOur solar systemcAvinash Wasudeo Joshi and Narayan Chandra Rana  aNew DelhibWiley Easternc1992 a141p. aAstronomy and astrophysics thesaurus aPlanetary systems aSolar system aRana, Narayan Chandra